Statistics for Countries with the biggest aging population

Click here to take the quiz!

General Stats

  • This quiz has been taken 34 times
  • The average score is 7 of 10

Answer Stats

%of pop over 65 yrs oldAnswer% Correct
26.3Japan
97%
21.2Germany
88%
22.4Italy
85%
20.5Finland
76%
19.9Sweden
73%
20.8Portugal
70%
21.4Greece
67%
19.4Latvia
39%
19.2Malta
33%
20.0Bulgaria
30%

Score Distribution

Percentile by Number Answered

Percent of People with Each Score

Your Score History

You have not taken this quiz